Câu chuyện tiếng Hàn

Giới thiệu về chữ Hàn do vua Se -Jong Đại đế sáng tạo ra. Cuốn sách tập trung phân tích nội dung cuốn sách "Huấn dân chính âm"-cuốn giáo trình tiếng Hàn đầu tiên của người Hàn Quốc

Zapisane w:
Opis bibliograficzny
1. autor: Đào, Vũ Vũ
Kolejni autorzy: Kim, Seong Beom
Format: Książka
Język:Undetermined
Wydane: H. Đại học Quốc gia Hà Nội 2006
Hasła przedmiotowe:
Dostęp online:http://lrc.tdmu.edu.vn/opac/search/detail.asp?aID=2&ID=15217
Etykiety: Dodaj etykietę
Nie ma etykietki, Dołącz pierwszą etykiete!
Thư viện lưu trữ: Trung tâm Học liệu Trường Đại học Thủ Dầu Một
LEADER 00931nam a2200217Ia 4500
001 TDMU_15217
008 210410s9999 xx 000 0 und d
082 |a 495.7 
090 |b Đ108 
100 |a Đào, Vũ Vũ 
245 0 |a Câu chuyện tiếng Hàn 
245 0 |c Đào Vũ Vũ;Kim Seong Beom 
260 |a H. 
260 |b Đại học Quốc gia Hà Nội 
260 |c 2006 
300 |a 70tr. 
520 |a Giới thiệu về chữ Hàn do vua Se -Jong Đại đế sáng tạo ra. Cuốn sách tập trung phân tích nội dung cuốn sách "Huấn dân chính âm"-cuốn giáo trình tiếng Hàn đầu tiên của người Hàn Quốc 
650 |a Tiếng Hàn Quốc 
700 |a Kim, Seong Beom 
856 |u http://lrc.tdmu.edu.vn/opac/search/detail.asp?aID=2&ID=15217 
980 |a Trung tâm Học liệu Trường Đại học Thủ Dầu Một